[Event "Playing against strong people (1)"]
[Site "SchemingMind.com"]
[Date "2010.01.21"]
[Round "-"]
[White "Kasker"]
[Black "klesley"]
[Result "1-0"]
[WhiteCountry "POL"]
[BlackCountry "USA"]
[WhiteElo "2276"]
[WhiteRD "83"]
[BlackElo "1706"]
[BlackRD "81"]
[GameID "235809"]

1. e4 c5 2. Nf3 g6 3. d4 Bg7 4. dxc5 Qa5+ 5. Nc3 Bxc3+ 6. bxc3 Qxc3+ 7. Bd2 Qxc5 8. Rb1 a6 9. Bd3 b5 10. c4 bxc4
11. Rc1 d5 12. exd5 Qxd5 13. Bxc4 Qe4+ 14. Be3 Be6 15. Bxe6 Qxe6 16. Ng5 Qd7 17. Qf3 Nf6 18. Qxa8 O-O 19. O-O Ng4 20. Rfd1 Qb5
21. Qd5 Qb2 22. Rc8 Qf6 23. Rxf8+
1-0

[Event "Playing against strong people (1)"]
[Site "SchemingMind.com"]
[Date "2010.01.22"]
[Round "-"]
[White "Kasker"]
[Black "BlueMooner"]
[Result "1-0"]
[WhiteCountry "POL"]
[BlackCountry "ENG"]
[WhiteElo "2276"]
[WhiteRD "83"]
[BlackElo "1789"]
[BlackRD "104"]
[GameID "235810"]

1. e4 c5 2. Nf3 Nc6 3. d4 cxd4 4. Nxd4 Nf6 5. Nc3 e5 6. Ndb5 d6 7. Bg5 a6 8. Na3 b5 9. Nd5 Be7 10. Nxe7 Qxe7
11. c4 b4 12. Nc2 a5 13. Ne3 O-O 14. Nd5 Qd8 15. Qd3 Be6 16. Nxf6+ gxf6 17. Bh6
1-0

[Event "Playing against strong people (1)"]
[Site "SchemingMind.com"]
[Date "2010.01.26"]
[Round "-"]
[White "Kasker"]
[Black "Schaakmaatje"]
[Result "1-0"]
[WhiteCountry "POL"]
[BlackCountry "NED"]
[WhiteElo "2253"]
[WhiteRD "81"]
[BlackElo "1676"]
[BlackRD "50"]
[GameID "235811"]

1. e4 e6 2. d4 d5 3. Nc3 dxe4 4. Nxe4 Be7 5. Nf3 Nf6 6. Bd3 O-O 7. Nxf6+ Bxf6 8. h4 Nc6 9. c3 Ne7 10. h5 h6
11. Qe2 Nf5 12. Bf4 Nd6 13. a4 a6 14. Bc2 Be7 15. O-O-O b5 16. Bxd6 cxd6 17. Qe4
1-0

[Event "Playing against strong people (1)"]
[Site "SchemingMind.com"]
[Date "2010.01.21"]
[Round "-"]
[White "Kasker"]
[Black "fleskarn"]
[Result "1-0"]
[WhiteCountry "POL"]
[BlackCountry "SWE"]
[WhiteElo "2226"]
[WhiteRD "79"]
[BlackElo "1822"]
[BlackRD "72"]
[GameID "235812"]

1. e4 c5 2. Nf3 d6 3. d4 cxd4 4. Nxd4 a6 5. Nc3 g6 6. Be3 Bg7 7. Qd2 Nc6 8. O-O-O Ne5 9. f4 Ng4 10. Bg1 e6
11. Nb3 Bxc3 12. Qxc3 N8f6 13. h3 Ne5 14. fxe5 Nxe4 15. Qe3 d5 16. Bd3 Qh4 17. Bxe4 Qxe4 18. Qxe4 dxe4 19. Nc5 b5 20. Nxe4 O-O
21. Bc5 Bb7 22. Nf6+
1-0

[Event "Playing against strong people (1)"]
[Site "SchemingMind.com"]
[Date "2010.01.21"]
[Round "-"]
[White "Kasker"]
[Black "somar96"]
[Result "1-0"]
[WhiteCountry "POL"]
[BlackCountry "POL"]
[WhiteElo "2226"]
[WhiteRD "79"]
[BlackElo "1890"]
[BlackRD "56"]
[GameID "235813"]

1. e4 c5 2. Nf3 e6 3. d4 cxd4 4. Nxd4 a6 5. Bd3 g6 6. Nc3 Bg7 7. Be3 Ne7 8. Qd2 O-O 9. h4 Nbc6 10. Nxc6 bxc6
11. h5 d5 12. Bh6 Bh8 13. Bxf8 Qxf8 14. hxg6 hxg6 15. O-O-O Rb8 16. Qf4 Rb4 17. Rxh8+ Kxh8 18. Qf6+ Kg8 19. Rh1
1-0

[Event "Playing against strong people (1)"]
[Site "SchemingMind.com"]
[Date "2010.01.22"]
[Round "-"]
[White "Kasker"]
[Black "Mr Pawn"]
[Result "1-0"]
[WhiteCountry "POL"]
[BlackCountry "IND"]
[WhiteElo "2304"]
[WhiteRD "81"]
[BlackElo "2157"]
[BlackRD "101"]
[GameID "235814"]

1. e4 c5 2. Nf3 d6 3. d4 cxd4 4. Nxd4 a6 5. c4 Nf6 6. Nc3 e6 7. Be2 Be7 8. O-O O-O 9. Qd3 Nbd7 10. Qg3 g6
11. Bh6 Re8 12. Rad1 Qb6 13. Rd2 Ne5 14. Bg5 Bd7 15. Nb3 Qc7 16. c5 dxc5 17. Bf4 Qb6 18. Bxe5 Bb5 19. Bc7 Qa7 20. Nxb5 axb5
21. Qf4 c4 22. Be5 cxb3 23. axb3 Qa5 24. Rd3 Red8 25. Bxf6 Rxd3 26. Bxd3 Bxf6 27. Qxf6 Qc7 28. Qc3 Qd7 29. Be2 Qc6 30. e5 Ra2
31. Qd4 Kg7 32. Qd8 Qc2 33. Qf6+ Kg8 34. Bxb5 Ra8 35. Qe7 Rf8 36. Qa3 Rd8 37. Bc4 Qd2 38. g3 Rd7 39. Ra1 Kg7 40. Qc5 b6
41. Qe3 Qxb2 42. Ra8 Rd1+ 43. Kg2 Ra1 44. Rd8 Ra5 45. Rd4 Qc2 46. g4 Ra8 47. Rd2 Qc1 48. Bxe6 Rf8 49. Qf4 Qc6+ 50. Bd5 g5
51. Qxf7+ Rxf7 52. Bxc6 h6 53. e6 Re7 54. Rd7 Kf6 55. Rxe7 Kxe7 56. Bd7
1-0

[Event "Playing against strong people (1)"]
[Site "SchemingMind.com"]
[Date "2010.01.21"]
[Round "-"]
[White "klesley"]
[Black "Kasker"]
[Result "0-1"]
[WhiteCountry "USA"]
[BlackCountry "POL"]
[WhiteElo "1706"]
[WhiteRD "81"]
[BlackElo "2276"]
[BlackRD "83"]
[GameID "235815"]

1. d4 Nf6 2. c4 e6 3. Nf3 d5 4. Nc3 Bb4 5. cxd5 exd5 6. Bg5 h6 7. Bxf6 Qxf6 8. e3 Nc6 9. Bb5 Bxc3+ 10. bxc3 Bg4
11. h3 Bh5 12. g4 Bg6 13. Ne5 Be4 14. Qa4 Bxh1 15. Nxc6 bxc6 16. Bxc6+ Ke7 17. Qa3+ Qd6 18. Qxd6+ Kxd6 19. Bxa8 Rxa8 20. Ke2 Be4
21. f3 Bh7 22. Rc1 Rb8 23. Rd1 Bb1 24. Rd2 a5 25. Kd1 a4 26. e4 dxe4 27. fxe4 Bxe4 28. c4 Rb1+
0-1

[Event "Playing against strong people (1)"]
[Site "SchemingMind.com"]
[Date "2010.01.22"]
[Round "-"]
[White "BlueMooner"]
[Black "Kasker"]
[Result "0-1"]
[WhiteCountry "ENG"]
[BlackCountry "POL"]
[WhiteElo "1789"]
[WhiteRD "104"]
[BlackElo "2276"]
[BlackRD "83"]
[GameID "235816"]

1. e4 c5 2. Nf3 a6 3. c3 d5 4. exd5 Qxd5 5. d4 Nf6 6. Be2 e6 7. O-O Be7 8. Be3 cxd4 9. cxd4 Nc6 10. Nc3 Qa5
11. Qb3 O-O 12. a3 b5 13. Rac1 Qd8 14. Rfd1 Bb7 15. Ne5 Qd6 16. Bf3 Na5 17. Qc2 Bxf3 18. Nxf3 Rfc8 19. Ne5 Nd5 20. Qd2 Nc4
21. Nxc4 bxc4 22. Ne4 Qb6 23. Nc5 Rab8 24. Nd7 Qxb2 25. Nxb8 Qxb8 26. Rb1 Qc7 27. Qa2 Nc3
0-1

[Event "Playing against strong people (1)"]
[Site "SchemingMind.com"]
[Date "2010.01.26"]
[Round "-"]
[White "Schaakmaatje"]
[Black "Kasker"]
[Result "0-1"]
[WhiteCountry "NED"]
[BlackCountry "POL"]
[WhiteElo "1715"]
[WhiteRD "50"]
[BlackElo "2276"]
[BlackRD "83"]
[GameID "235817"]

1. d4 Nf6 2. c4 e6 3. Nc3 Bb4 4. Qc2 d5 5. Bg5 dxc4 6. Nf3 b5 7. e3 Nbd7 8. Be2 h6 9. Bh4 Bb7 10. O-O a6
11. Rad1 O-O 12. e4 Bxc3 13. bxc3 Bxe4 14. Qc1 Qc8 15. Ne5 Nd5 16. Nc6 Bxg2 17. Kxg2 Qb7 18. Bf3 Qxc6 19. Rg1 a5 20. Kf1 Kh7
21. Be4+ f5 22. Bh1 b4 23. Re1 bxc3
0-1

[Event "Playing against strong people (1)"]
[Site "SchemingMind.com"]
[Date "2010.01.21"]
[Round "-"]
[White "fleskarn"]
[Black "Kasker"]
[Result "0-1"]
[WhiteCountry "SWE"]
[BlackCountry "POL"]
[WhiteElo "1822"]
[WhiteRD "72"]
[BlackElo "2226"]
[BlackRD "79"]
[GameID "235818"]

1. c4 Nf6 2. Nc3 e5 3. Nf3 Nc6 4. d4 exd4 5. Nxd4 Bb4 6. Nc2 Bxc3+ 7. bxc3 Ne4 8. Nd4 Qf6 9. Be3 O-O 10. Qc2 Re8
11. Rc1 Na5 12. Qa4 b6 13. Nb5 Qc6 14. Qc2 Nxc4 15. Bxb6 Qxb6 16. Nd4 Rb8 17. e3 Na3 18. Qa4 Qb2
0-1

[Event "Playing against strong people (1)"]
[Site "SchemingMind.com"]
[Date "2010.01.21"]
[Round "-"]
[White "somar96"]
[Black "Kasker"]
[Result "0-1"]
[WhiteCountry "POL"]
[BlackCountry "POL"]
[WhiteElo "1890"]
[WhiteRD "56"]
[BlackElo "2226"]
[BlackRD "79"]
[GameID "235819"]

1. e4 c5 2. Nf3 a6 3. c4 Nc6 4. Nc3 e6 5. d4 cxd4 6. Nxd4 Qc7 7. Be2 Nf6 8. O-O Bd6 9. h3 Nxd4 10. Qxd4 b6
11. Bg5 Be5 12. Qd2 Bb7 13. Bd3 O-O 14. Rad1 h6 15. Be3 Rfd8 16. Rfe1 d6 17. f4 Bxc3 18. Qxc3 Nxe4 19. Bxe4 Bxe4 20. Qd4 Qc6
21. Qxb6 Qxc4 22. Rxd6 Rxd6 23. Qxd6 Qxa2 24. Qe5 Bd5 25. Bd4 f6 26. Qc7 Qb3 27. Bc3 Qc2
0-1

[Event "Playing against strong people (1)"]
[Site "SchemingMind.com"]
[Date "2010.01.22"]
[Round "-"]
[White "Mr Pawn"]
[Black "Kasker"]
[Result "1/2-1/2"]
[WhiteCountry "IND"]
[BlackCountry "POL"]
[WhiteElo "2157"]
[WhiteRD "101"]
[BlackElo "2304"]
[BlackRD "81"]
[GameID "235820"]

1. c4 Nf6 2. Nc3 c5 3. Nf3 Nc6 4. e3 e6 5. d4 d5 6. cxd5 exd5 7. Be2 Be7 8. O-O O-O 9. b3 Bf5 10. dxc5 Bxc5
11. Bb2 a6 12. Rc1 Qd6 13. Na4 Ba7 14. Bxf6 Qxf6 15. Qxd5 Rac8 16. Qd2 Rfd8 17. Qb2 Qe7 18. Rfd1 Be6 19. g3 Bg4 20. Nc3 Bc5
21. Nd5 Rxd5 22. Rxd5 Ba3 23. Qb1 Bxc1 24. Ng5 g6 25. Bxg4 Rc7 26. Nh3 Ne5 27. Be2 Ba3 28. Rd1 Qc5 29. Qe4 Kg7 30. Nf4 Bb2
31. Kg2 Qc2 32. Qb4 Bc3 33. Qb6 Qe4+ 34. f3 Qc6 35. Qxc6 Rxc6 36. Kf2 Bb2 37. Nd5 Ba3 38. f4 Nd7 39. e4 Bc5+ 40. Kf3 Nf6
41. Bc4 b5 42. e5 Nxd5 43. Bxd5 Rc7 44. Rc1 Bb6 45. Rxc7 Bxc7 46. Bb7 a5 47. Bc6 b4 48. Ke4 Bb6 49. g4 h6 50. Kd5 Kf8=
1/2-1/2

[Event "Playing against strong people (1)"]
[Site "SchemingMind.com"]
[Date "2010.01.21"]
[Round "-"]
[White "kiraly"]
[Black "klesley"]
[Result "1-0"]
[WhiteCountry "INT"]
[BlackCountry "USA"]
[WhiteElo "2342"]
[WhiteRD "91"]
[BlackElo "1669"]
[BlackRD "82"]
[GameID "235829"]

1. e4 c5 2. Nf3 g6 3. d4 Bg7 4. dxc5 Qa5+ 5. c3 Qxc5 6. Be3 Qa5 7. Bc4 d6 8. Ng5 Nh6 9. O-O O-O 10. h3 Nc6
11. Bd5 e6 12. Bxc6 bxc6 13. Qxd6 Bb7 14. Nd2 Rad8 15. Nb3 Rxd6 16. Nxa5 Ba6 17. Rfd1 Rfd8 18. Rxd6 Rxd6 19. Re1 f6 20. Nf3 Nf7
21. Bxa7 Nd8 22. a4 Nb7 23. e5 fxe5 24. Bb8 Rd8 25. Nxc6 Rd5 26. Ne7+
1-0

[Event "Playing against strong people (1)"]
[Site "SchemingMind.com"]
[Date "2010.01.25"]
[Round "-"]
[White "kiraly"]
[Black "BlueMooner"]
[Result "0-1"]
[WhiteCountry "INT"]
[BlackCountry "ENG"]
[WhiteElo "2245"]
[WhiteRD "91"]
[BlackElo "1899"]
[BlackRD "91"]
[GameID "235830"]

1. e4 c5 2. Nf3 Nc6 3. d4 cxd4 4. Nxd4 Nf6 5. Nc3 e5 6. Ndb5 d6 7. Nd5 Nxd5 8. exd5 Nb8 9. c4 a6 10. Nc3 Be7
11. Bd3 O-O 12. Be3 Nd7 13. Qc2 Nf6 14. O-O h6 15. h3 Ne8 16. f4 Qc7 17. fxe5 dxe5 18. Na4 b5 19. Nb6 Rb8 20. Nxc8 Rxc8
21. b3 Bc5 22. Bxc5 Qxc5+ 23. Rf2 Nd6 24. Rc1 f5 25. Kh1 e4 26. Bf1 Rf7 27. Qe2 Qd4 28. Qd2 Qc5 29. b4 e3 30. bxc5 exd2
31. Rxd2 Rxc5 32. Rdc2 Rfc7 33. Bd3 bxc4 34. Be2 g5 35. Bf3 Kf7 36. g4 f4 37. Kg2 Re7 38. Rc3 Re5 39. a4 Re7 40. Kf2 Rcc7
41. Re1 Rxe1 42. Kxe1 a5 43. Kf2 Rb7 44. Be2 Ne4+
0-1

[Event "Playing against strong people (1)"]
[Site "SchemingMind.com"]
[Date "2010.01.26"]
[Round "-"]
[White "kiraly"]
[Black "Schaakmaatje"]
[Result "1-0"]
[WhiteCountry "INT"]
[BlackCountry "NED"]
[WhiteElo "2336"]
[WhiteRD "86"]
[BlackElo "1676"]
[BlackRD "50"]
[GameID "235831"]

1. e4 e5 2. Nf3 Nc6 3. Bb5 a6 4. Ba4 Nf6 5. O-O b5 6. Bb3 Be7 7. Re1 O-O 8. d4 exd4 9. Nxd4 Bb7 10. e5 Ne8
11. Nxc6 Bxc6 12. Nc3 d6 13. e6 f5 14. Bg5 Nf6 15. Bxf6 Rxf6 16. Bd5 Bxd5 17. Nxd5 Rf8 18. Qf3 Rb8 19. Qc3 Rb7 20. Qc6 Ra7
21. a4
1-0

[Event "Playing against strong people (1)"]
[Site "SchemingMind.com"]
[Date "2010.01.21"]
[Round "-"]
[White "kiraly"]
[Black "Kasker"]
[Result "1/2-1/2"]
[WhiteCountry "INT"]
[BlackCountry "POL"]
[WhiteElo "2352"]
[WhiteRD "87"]
[BlackElo "2226"]
[BlackRD "79"]
[GameID "235832"]

1. e4 c5 2. Nf3 a6 3. d4 cxd4 4. Nxd4 Nf6 5. Nc3 e5 6. Nf3 Bb4 7. Bc4 Qc7 8. Qd3 b5 9. Bb3 Bb7 10. Bd2 O-O
11. O-O Bxc3 12. Qxc3 Qxc3 13. Bxc3 d6 14. Rfd1 Nxe4= 15. Bb4 a5 16. Bxd6 Nxd6 17. Rxd6 Bxf3=
1/2-1/2

[Event "Playing against strong people (1)"]
[Site "SchemingMind.com"]
[Date "2010.01.21"]
[Round "-"]
[White "kiraly"]
[Black "fleskarn"]
[Result "1-0"]
[WhiteCountry "INT"]
[BlackCountry "SWE"]
[WhiteElo "2352"]
[WhiteRD "87"]
[BlackElo "1822"]
[BlackRD "72"]
[GameID "235833"]

1. e4 c5 2. Nf3 Nc6 3. Bb5 e5 4. O-O Nd4 5. Nxd4 cxd4 6. c3 Bd6 7. cxd4 Qb6 8. dxe5 Bxe5 9. d4 Bxd4 10. Na3 Ne7
11. Be3 Bxe3 12. Nc4 Qc5 13. Nd6+ Kf8 14. fxe3 f5 15. Nxf5 g6 16. Rc1
1-0

[Event "Playing against strong people (1)"]
[Site "SchemingMind.com"]
[Date "2010.01.21"]
[Round "-"]
[White "kiraly"]
[Black "somar96"]
[Result "1/2-1/2"]
[WhiteCountry "INT"]
[BlackCountry "POL"]
[WhiteElo "2336"]
[WhiteRD "86"]
[BlackElo "1896"]
[BlackRD "57"]
[GameID "235834"]

1. e4 c5 2. Nf3 e6 3. d4 cxd4 4. Nxd4 a6 5. Nc3 b5 6. Bd3 Bb7 7. O-O d6 8. Be3 Nf6 9. a4 b4 10. Na2 d5
11. e5 Ne4 12. Be2 Be7 13. f3 Nc5 14. Nxb4 O-O 15. Qd2 a5 16. Nd3 Nba6 17. Nxc5 Nxc5 18. Nb5 Qd7 19. b3 Rfd8 20. Bd4 Bc6
21. Qe3 Na6 22. f4 Nb4 23. Rac1 Rdc8 24. c3 Na6 25. Na7 Rxa7 26. Bxa7 Ra8 27. Bb6 Qb7 28. f5 Qxb6 29. fxe6 Qxe3+ 30. Kh1 Qxe2=
1/2-1/2

[Event "Playing against strong people (1)"]
[Site "SchemingMind.com"]
[Date "2010.01.22"]
[Round "-"]
[White "kiraly"]
[Black "Mr Pawn"]
[Result "1/2-1/2"]
[WhiteCountry "INT"]
[BlackCountry "IND"]
[WhiteElo "2245"]
[WhiteRD "91"]
[BlackElo "2170"]
[BlackRD "103"]
[GameID "235835"]

1. e4 e5 2. Nf3 Nc6 3. Bb5 a6 4. Bxc6 dxc6 5. O-O f6 6. d4 Bg4 7. c3 Bd6 8. h3 Bh5 9. Be3 Ne7 10. dxe5 fxe5
11. Nbd2 O-O 12. Qb3+ Bf7 13. c4 b6 14. Qc3 Ng6 15. c5 bxc5 16. Nc4 Qf6 17. Rad1 Qe6 18. b3 Be8 19. Ne1 Nf4 20. Bxf4 exf4
21. f3 Rb8 22. Nd3 Be7 23. Qa5 Qc8 24. Kh2 Bf7 25. Nce5 Be8 26. Qa4 Bd6 27. Qc4+ Kh8 28. Qc3 Qe6 29. Nc4 Rb5 30. a4 Rb8
31. Na5 c4 32. Nxc4 Be7 33. Na5 Rf6 34. Rfe1 Rf7 35. Re2 Kg8 36. Nc5 Bxc5 37. Qxc5 Qe7 38. Qc4 Rb6 39. Red2 h6 40. Rd8 c5
41. R1d5 Re6 42. Nb7 Kh7 43. Nxc5 Rd6 44. R8xd6 cxd6 45. Nxa6 Qh4 46. Rxd6 Qg3+ 47. Kg1 Qe1+ 48. Qf1 Qe3+ 49. Kh1 Qxb3 50. Rd4 Bxa4
51. Nc5 Qe3 52. Rxa4 Qxc5 53. Qc4 Qf2 54. Ra1 Rf6 55. Rf1 Qd2 56. Qc1 Qxc1 57. Rxc1 g5 58. Rc5 Kg6 59. Kh2 Ra6 60. Rd5 Ra3
61. Rd6+ Kg7= 62. Rd2 Re3 63. Kg1 Re1+ 64. Kf2 Rb1 65. g3 fxg3+ 66. Kxg3 Rg1+ 67. Kh2 Re1 68. h4 Kg6 69. hxg5 hxg5 70. Kg3 Rg1+
71. Kf2 Rb1 72. Rd5 Ra1 73. Rf5 Rc1 74. f4 gxf4 75. Rxf4 Kg5 76. Rf5+ Kg4 77. Ke3 Rc3+ 78. Kd4 Ra3 79. Rc5 Kf4= 80. e5 Re3=
1/2-1/2

[Event "Playing against strong people (1)"]
[Site "SchemingMind.com"]
[Date "2010.01.22"]
[Round "-"]
[White "klesley"]
[Black "kiraly"]
[Result "0-1"]
[WhiteCountry "USA"]
[BlackCountry "INT"]
[WhiteElo "1706"]
[WhiteRD "81"]
[BlackElo "2360"]
[BlackRD "89"]
[GameID "235836"]

1. d4 d5 2. c4 dxc4 3. Nf3 Nf6 4. e3 Be6 5. Nc3 c6 6. Ng5 Qd7 7. Nxe6 Qxe6 8. Qa4 b5 9. Nxb5 cxb5 10. Qxb5+ Nbd7
11. Bxc4 Qd6 12. Qb3 e6 13. a3 Rb8 14. Qa4 Qc7 15. b3 Bd6 16. h3 O-O 17. Bd2 Nb6 18. Qa6 Nxc4 19. bxc4 Ne4 20. c5 Bg3
21. Rf1 Nxd2 22. Kxd2 Rb2+ 23. Ke1 Bxf2+ 24. Rxf2 Qg3
0-1

[Event "Playing against strong people (1)"]
[Site "SchemingMind.com"]
[Date "2010.01.25"]
[Round "-"]
[White "BlueMooner"]
[Black "kiraly"]
[Result "1-0"]
[WhiteCountry "ENG"]
[BlackCountry "INT"]
[WhiteElo "1899"]
[WhiteRD "91"]
[BlackElo "2245"]
[BlackRD "91"]
[GameID "235837"]

1. e4 e5 2. Nf3 Nc6 3. Bc4 Bc5 4. d4 exd4 5. c3 Nf6 6. e5 d5 7. Bb5 Ne4 8. cxd4 Bb6 9. Nc3 O-O 10. Be3 f6
11. O-O Bg4 12. Qc2 Bxf3 13. gxf3 Ng5 14. Bxc6 Nxf3+ 15. Kh1 bxc6 16. Rad1 fxe5 17. dxe5 Nxe5 18. f4 Nc4 19. Bxb6 axb6 20. Rde1 b5
21. Re6 Nd6 22. f5 Rf6 23. Qe2 Rxe6 24. fxe6 Ne4 25. Nxe4 dxe4 26. Qxe4 Qd5 27. Qxd5 cxd5 28. Rc1 Re8 29. Rxc7 Rxe6 30. Rc5 d4
31. Rxb5 Rd6 32. Rf5 g6 33. Rf2 d3 34. Rd2= Kf7 35. Kg2 Ke6 36. Kf2 Ke5 37. Ke3 h5 38. Rxd3 Rxd3+ 39. Kxd3 g5 40. Ke3 g4
41. a4 h4 42. b4 g3 43. Kf3 gxh2 44. Kg2 Kd5 45. Kxh2 Kc4 46. a5 Kb5 47. Kh3
1-0

[Event "Playing against strong people (1)"]
[Site "SchemingMind.com"]
[Date "2010.01.26"]
[Round "-"]
[White "Schaakmaatje"]
[Black "kiraly"]
[Result "0-1"]
[WhiteCountry "NED"]
[BlackCountry "INT"]
[WhiteElo "1676"]
[WhiteRD "50"]
[BlackElo "2336"]
[BlackRD "86"]
[GameID "235838"]

1. e4 e5 2. Nc3 Nf6 3. Bc4 Bc5 4. d3 O-O 5. h3 a6 6. Bg5 h6 7. Bh4 c6 8. Nf3 b5 9. Bb3 Bd4 10. Qd2 Bb7
11. Nxd4 exd4 12. Ne2 Nxe4 13. Qf4 Qa5+ 14. Kf1 Nd2+ 15. Kg1 c5 16. Be7 Nxb3 17. cxb3 Re8 18. Qd6 Nc6 19. Qxc5 Rxe7
0-1

[Event "Playing against strong people (1)"]
[Site "SchemingMind.com"]
[Date "2010.01.21"]
[Round "-"]
[White "Kasker"]
[Black "kiraly"]
[Result "1-0"]
[WhiteCountry "POL"]
[BlackCountry "INT"]
[WhiteElo "2304"]
[WhiteRD "81"]
[BlackElo "2342"]
[BlackRD "91"]
[GameID "235839"]

1. e4 e5 2. Nf3 Nc6 3. Bb5 Nf6 4. O-O Bc5 5. Nxe5 Nxe5 6. d4 a6 7. Be2 Bxd4 8. Qxd4 d6 9. Nc3 O-O 10. Bg5 Nc6
11. Qd3 h6 12. Bh4 Ne5 13. Qd4 Nc6 14. Qe3 Re8 15. f4 Qe7 16. Rae1 Bd7 17. Bf3 Qe6 18. Qd2 Ne7 19. e5 dxe5 20. fxe5 Nh7
21. Bxb7 Rab8 22. Bxa6 Rxb2 23. Bd3 Ng6 24. Bxg6 fxg6 25. Nd5 Nf8 26. Bf2 Qc6 27. Nb4 Qc4 28. a3 Bb5 29. Qd4 Qxd4 30. Bxd4 Bxf1
31. Kxf1 Rxb4 32. axb4 Ne6 33. Bf2 g5 34. Ra1 Rb8 35. Ra4 Rb5 36. Bg3 c5 37. c3 cxb4 38. cxb4 Nd4 39. Bf2 Nc6 40. Bc5 Nxe5
41. Ra5 Rb7 42. Ra7 Rxa7 43. Bxa7 Nc6 44. Bc5 Kf7 45. b5 Nd8 46. Ke2 Nb7 47. Bd4 g6 48. Kd3 Ke6 49. Kc4 Na5+ 50. Kb4 Nb7
51. Bg7 h5 52. Bh6 g4 53. b6 Kd7 54. Kb5 Kc8 55. Bg5 Kb8 56. Bf6 Kc8 57. Ka6 Kb8 58. Be5+ Ka8 59. Kb5 Nd8 60. Bf6 Nb7
61. Kc6 Na5+ 62. Kd5 Kb7 63. Bc3 Nc6 64. Ke6 h4 65. Kf6 h3 66. g3 Nd8 67. Kxg6 Kxb6 68. Kf5 Nf7 69. Kxg4 Kc6 70. Kxh3 Kd7
71. Kg4 Ke6 72. h4 Nh6+ 73. Kg5 Nf7+ 74. Kg6
1-0

[Event "Playing against strong people (1)"]
[Site "SchemingMind.com"]
[Date "2010.01.21"]
[Round "-"]
[White "fleskarn"]
[Black "kiraly"]
[Result "0-1"]
[WhiteCountry "SWE"]
[BlackCountry "INT"]
[WhiteElo "1839"]
[WhiteRD "74"]
[BlackElo "2336"]
[BlackRD "86"]
[GameID "235840"]

1. c4 e5 2. Nc3 Nf6 3. Nf3 Nc6 4. d4 exd4 5. Nxd4 a6 6. a3 Bc5 7. Nc2 O-O 8. b4 Ba7 9. Bg5 Bxf2+ 10. Kd2 h6
11. Bxh6 gxh6 12. e3 d5 13. Qe2 d4 14. Nd1 Bxe3+ 15. Ndxe3 dxe3+ 16. Ke1 Bg4 17. Qd3 Qxd3 18. Bxd3 Rad8 19. Be2 Bxe2 20. Kxe2 Rd2+
21. Kxe3 Rxc2
0-1

[Event "Playing against strong people (1)"]
[Site "SchemingMind.com"]
[Date "2010.01.21"]
[Round "-"]
[White "somar96"]
[Black "kiraly"]
[Result "0-1"]
[WhiteCountry "POL"]
[BlackCountry "INT"]
[WhiteElo "1896"]
[WhiteRD "57"]
[BlackElo "2336"]
[BlackRD "86"]
[GameID "235841"]

1. e4 e5 2. Nf3 Nc6 3. d4 exd4 4. Nxd4 Nf6 5. Nc3 Bb4 6. Nxc6 bxc6 7. Bd3 O-O 8. O-O Bxc3 9. bxc3 d6 10. Bg5 h6
11. Bh4 g5 12. Bg3 Bg4 13. f3 Bd7 14. e5 Nh5 15. exd6 Nxg3 16. hxg3 cxd6 17. Qd2 Qa5 18. Rfe1 Rfe8 19. Kh2 Rad8 20. Rxe8+ Rxe8
21. a3 Bc8 22. Re1 Rxe1 23. Qxe1 Be6 24. Qa1 Qe5 25. Qb2 c5 26. Qb8+ Kg7 27. Qc7 h5 28. Qe7 h4 29. Kg1 Qxg3 30. Kf1 h3
31. gxh3 c4 32. Be4 d5 33. Qxa7 Bxh3+ 34. Ke2 Qg2+ 35. Kd1 Qf1+ 36. Kd2 dxe4 37. Qd4+ Kg6 38. Qxe4+ Bf5 39. Qc6+ Kg7 40. Qd5 Qf2+
41. Kd1 Qxc2+ 42. Ke1 Qxc3+ 43. Kf2 Qc2+ 44. Kg3 c3 45. Qe5+ Kg6 46. Qd6+ Be6 47. Qe5 Qd3 48. a4 c2 49. Qb2 Qd6+ 50. Kf2 Qd2+
51. Kg3 c1=Q 52. Qxc1 Qxc1
0-1

[Event "Playing against strong people (1)"]
[Site "SchemingMind.com"]
[Date "2010.01.22"]
[Round "-"]
[White "Mr Pawn"]
[Black "kiraly"]
[Result "0-1"]
[WhiteCountry "IND"]
[BlackCountry "INT"]
[WhiteElo "2123"]
[WhiteRD "113"]
[BlackElo "2360"]
[BlackRD "89"]
[GameID "235842"]

1. e4 e5 2. f4 exf4 3. Nf3 Nf6 4. e5 Nh5 5. Be2 d6 6. O-O dxe5 7. Nxe5 Bc5+ 8. Kh1 Nf6 9. Rxf4 Bd6 10. d4 Nbd7
11. Na3 Nxe5 12. dxe5 Bxe5 13. Qxd8+ Kxd8 14. Rf1 Re8 15. Bd3 Be6 16. Nc4 Bxc4 17. Bxc4 Re7 18. Re1 c6 19. Bd2 Bxb2 20. Rxe7 Kxe7
21. Re1+ Kd6 22. Rd1 Re8 23. Bc3+ Kc5 24. Bxb2 Kxc4 25. Bxf6 gxf6 26. h3 a5 27. Rd7 b5 28. Rxf7 Re2 29. Rxf6 Kc5 30. Rf5+ Kb6
31. a3 Rxc2 32. Kg1 Rc3 33. a4 bxa4 34. Rf1 Kc5 35. Kf2 a3 36. Ra1 Kc4
0-1

[Event "Playing against strong people (1)"]
[Site "SchemingMind.com"]
[Date "2010.01.25"]
[Round "-"]
[White "egis"]
[Black "klesley"]
[Result "1-0"]
[WhiteCountry "LTU"]
[BlackCountry "USA"]
[WhiteElo "2042"]
[WhiteRD "73"]
[BlackElo "1706"]
[BlackRD "81"]
[GameID "236004"]

1. e4 c5 2. Nf3 g6 3. Bc4 Nc6 4. O-O Bg7 5. d3 e6 6. Nc3 Nge7 7. Bg5 a6 8. Nh4 b5 9. Bb3 Nd4 10. Bxe7 Qxe7
11. Nf3 Nxf3+ 12. Qxf3 Bb7 13. a3 b4 14. axb4 cxb4 15. Na4
1-0

[Event "Playing against strong people (1)"]
[Site "SchemingMind.com"]
[Date "2010.01.23"]
[Round "-"]
[White "egis"]
[Black "kiraly"]
[Result "0-1"]
[WhiteCountry "LTU"]
[BlackCountry "INT"]
[WhiteElo "2020"]
[WhiteRD "75"]
[BlackElo "2342"]
[BlackRD "91"]
[GameID "236007"]

1. c4 c5 2. Nc3 Nc6 3. Nf3 Nf6 4. e3 e6 5. Be2 Be7 6. O-O O-O 7. b3 d5 8. cxd5 exd5 9. Bb2 d4 10. Na4 d3
11. Bxd3 Qxd3 12. Bxf6 gxf6 13. Rc1 b6 14. Nb2 Qd5 15. d4 cxd4 16. Nxd4 Nxd4 17. Qxd4 Rd8 18. Qxd5 Rxd5 19. Rfd1 Rxd1+ 20. Nxd1 Bf5
21. h3 Rd8 22. Nc3 Rc8 23. g4 Be6 24. Ne2 Rxc1+ 25. Nxc1 f5 26. Nd3 fxg4 27. Nf4 gxh3 28. Nxe6 fxe6 29. Kh2 Bh4 30. f4 Bf2
31. e4 Be3 32. f5 exf5 33. exf5 Kf7 34. Kxh3 Kf6 35. Kg4 h6 36. Kf3 Bc1 37. Kg4 a5 38. Kh4 Kxf5 39. Kg3 b5 40. Kf3 h5
41. Kg3 Kg5 42. a4 bxa4 43. bxa4 Bf4+ 44. Kg2 Kg4 45. Kf2 h4 46. Kg1 Kh3 47. Kh1 Kg4 48. Kg1 h3 49. Kh1 Kf5 50. Kg1 h2+
51. Kh1 Ke4 52. Kg2 Kd4 53. Kh1 Kc4 54. Kg2 Kb4 55. Kh1 Kxa4
0-1

[Event "Playing against strong people (1)"]
[Site "SchemingMind.com"]
[Date "2010.01.23"]
[Round "-"]
[White "egis"]
[Black "Kasker"]
[Result "0-1"]
[WhiteCountry "LTU"]
[BlackCountry "POL"]
[WhiteElo "2042"]
[WhiteRD "73"]
[BlackElo "2276"]
[BlackRD "83"]
[GameID "236008"]

1. e4 c5 2. Nf3 a6 3. Be2 e6 4. O-O Nc6 5. c3 d5 6. d4 dxe4 7. Ne5 Nge7 8. Be3 cxd4 9. cxd4 g6 10. Nxc6 Nxc6
11. Qa4 f5 12. Nc3 Bd6 13. Bc4 Bd7 14. Qd1 Na5 15. Be2 O-O 16. Bd2 Nc6 17. g3 Nxd4 18. Bc4 Be5 19. Be3 Qf6 20. Bxd4 Bxd4
21. Qd2 Rad8 22. Rad1 Bc6 23. Bb3 Qe5 24. Qc1 e3 25. Rxd4 exf2+ 26. Rxf2 Rxd4 27. Re2 Qc5 28. Rf2 f4 29. Qe1 fxg3 30. Bxe6+ Kg7
31. hxg3 Rd3 32. Kf1 Rxf2+ 33. Qxf2 Rf3 34. Qxf3 Bxf3 35. Bb3 Qd4 36. a3 b5 37. Bc2 Qd2 38. Be4 Qg2+ 39. Ke1 Bxe4 40. Nxe4 Qxe4+
41. Kf2 a5 42. b4 a4 43. g4 h5 44. gxh5 gxh5 45. Kg3 h4+ 46. Kf2 h3 47. Kg3 Qg2+ 48. Kf4 h2 49. Ke5 h1=Q
0-1